000 00458ntaaa2200193 4500
003 01
005 20251027202408.0
008 0714s1973 ag 01
040 _aAR-BaBN
_bspa
_cAR-BaBN
_eaacr
_dRIC
082 _a284.1000 R28
100 _aRemensnyder, Junius
_922670
245 _aManual Luterano
250 _a2 ed.rev.
260 _as.l. :
_bEdiciones Luteranas,
_cc1951
300 _a86 p
650 _aLuteranos
650 _aLuteranos
942 _cBK
999 _c18845
_d18845